Sun Bleached Flies - Ethel Cain (Lyrics) - Statistics

General Stats
  • This quiz has been taken 74 times
  • The average score is 356 of 423
Answer Stats
Answer % Correct
bleached
100%
flies
100%
i
100%
(i
100%
sun
100%
when
100%
a
97%
for
97%
in
97%
on
97%
the
97%
they
97%
all
94%
and
94%
day
94%
how
94%
it
94%
(it
94%
me
94%
me)
94%
sitting
94%
to
94%
waiting
94%
windows
94%
be
91%
be"
91%
be)
91%
go
91%
"god
91%
god
91%
if
91%
"if
91%
it's
91%
my
91%
no
91%
that
91%
then
91%
you
91%
you"
91%
about
89%
as
89%
but
89%
'cause
89%
daddy
89%
loves
89%
meant
89%
raised
89%
save
89%
so
89%
that's
89%
thats
89%
what
89%
will
89%
would
89%
church
86%
enough
86%
escape
86%
give
86%
hard
86%
hit
86%
just
86%
not
86%
sunday
86%
twice
86%
wouldn't
86%
back
83%
(back
83%
end
83%
know
83%
listening
83%
of
83%
said
83%
talk
83%
their
83%
this
83%
always
80%
are
80%
babygirl
80%
choir
80%
'em
80%
once
80%
praying
80%
strike
80%
babies
77%
comes
77%
fine
77%
forgive
77%
heart
77%
keep
77%
singing
77%
why
77%
windowsill
77%
care
74%
changing
74%
good
74%
heartfelt
74%
luck
74%
money
74%
one
74%
poison
74%
prayed
74%
still
74%
taking
74%
they're
74%
was
74%
we
74%
yourself
74%
coming
71%
goes
71%
home
71%
never
71%
(oh
71%
oh)
71%
(oh)
71%
there
71%
time
71%
breathing
69%
fight
69%
from
69%
hurts
69%
knew
69%
less
69%
more
69%
think
69%
told
69%
tried
69%
while
69%
don't
66%
him
66%
put
66%
shows
66%
up
66%
believe
63%
i've
63%
life
63%
met
63%
mind
63%
sidelines
63%
watching
63%
break
60%
by
60%
fall
60%
house
60%
nebraska
60%
spend
60%
can't
57%
could
57%
far
57%
feel
57%
highway
57%
edge
54%
i'm
54%
like
54%
paint
54%
town
54%
gave
51%
under
51%
weight
51%
with
51%
yeah)
51%
(yeah)
51%
open
49%
out
49%
want
49%
dancing
46%
let
46%
now
46%
bend
43%
broken
43%
something's
40%
(itll
26%
No matching quizzes found
Score Distribution
Percent of People with Each Score
Percentile by Number Answered
Your Score History
You have not taken this quiz